000 00302nam a22001337a 4500
008 170613b xxu||||| |||| 00| 0 eng d
020 _a9780801878329
041 _aeng
080 _a328
100 _a19
101 _aSHP
245 _aMAKING GOVERNMENT MANAGEABLE
_cSTANTON.TH/H
942 _2udc
_cBK
999 _c17181
_d17181